| 000 | 01537nam0a22003251 4500 | ||
|---|---|---|---|
| 001 | v19\rc\1497594 | ||
| 005 | 20250618161256.0 | ||
| 035 | _a(NLR Aleph) 004625532 | ||
| 090 |
_a3097415 _c3097415 |
||
| 100 | _a20060620e18821882|||y0rusy50 ca | ||
| 101 | 0 | _arus | |
| 102 | _aRU | ||
| 105 | _ay z ||||| | ||
| 200 | 1 | _aОтчет о занятиях в Москве и С.-Петербурге от февраля до октября 1879 года | |
| 210 |
_aКазань _cтип. Ун-та _d1882 |
||
| 215 |
_a19 с. _d24 |
||
| 300 | _aВ конце текста: Кандидата Историко-филол. фак. П. Владимирова | ||
| 309 | _aБез тит. л. и обл. | ||
| 311 | _aОтт. из "Изв. и учен. зап. Казан. ун-та". 1882, № 1-2, отд. Науч. хроника | ||
| 488 | 0 |
_12001#$aИзвестия и ученые записки Казанского университета$v1882, № 1-2, отд. Науч. хроника _tИзвестия и ученые записки Казанского университета |
|
| 532 | 1 | 2 | _aОтчет о занятиях в Москве и Санкт-Петербурге от февраля до октября 1879 года |
| 700 | 1 |
_aВладимиров _bП.В. _f1854-1902 _gПетр Владимирович |
|
| 801 | 0 |
_aRU _bNLR _gpsbo |
|
| 801 | 0 |
_aRU _bRuMoRGB _2psbo |
|
| 801 | 1 |
_aRU _bProSoft-M _2rusmarc |
|
| 852 |
_aNLR _j18.156.3.173 |
||
| 899 | _aБАН | ||
| 899 | _aГПИБ | ||
| 942 | _cBOOK | ||
| 980 | _aNB | ||